| 000 | 00744cam a2200217 i 4500 | ||
|---|---|---|---|
| 999 |
_c7804 _d7804 |
||
| 003 | OSt | ||
| 005 | 20200521140111.0 | ||
| 008 | 160801s2017 enka b 001 0 eng | ||
| 020 | _a9781138206564 (pb : alk. paper) | ||
| 082 | 0 | 0 |
_a720.47ABE _223 |
| 100 | 1 |
_aAbel, Chris, _eauthor. |
|
| 245 | 1 | 0 |
_aArchitecture and identity : _bresponses to cultural and technological change / _cChris Abel. |
| 250 | _aThird edition. | ||
| 300 |
_axvi, 398 pages : _billustrations ; _c26 cm |
||
| 504 | _aIncludes bibliographical references (pages [371]-386) and index. | ||
| 650 | 0 | _aArchitecture and philosophy. | |
| 650 | 0 |
_aArchitecture _xEnvironmental aspects. |
|
| 650 | 0 | _aRegionalism in architecture. | |
| 650 | 0 | _aIdentity (Psychology) | |
| 942 | _2ddc | ||